[Event "6MCR_4D_1L_1S"]
[Site "?"]
[Date "2004.??.??"]
[Round "?"]
[White "Straka, Zdenek"]
[Black "Hostinsky, Jiri"]
[Result "0-1"]
[WhiteElo "2396"]
[BlackElo "2412"]
[PlyCount "108"]
[EventDate "2004.??.??"]
[EventType "corr"]
[SourceDate "2004.06.03"]

1. e4 c5 2. Nf3 Nc6 3. d4 cxd4 4. Nxd4 Nf6 5. Nc3 d6 6. Bg5 e6 7. Qd2 Be7 8.
O-O-O O-O 9. f4 Nxd4 10. Qxd4 Qa5 11. Bc4 Bd7 12. Rd3 h6 13. h4 Bc6 14. Rg3 Kh8
15. Qe3 b5 16. e5 dxe5 17. Bxf6 Bxf6 18. fxe5 Be7 19. Bd3 Rad8 20. Rf1 Qb6 21.
Qe2 Rd4 22. Ne4 Bxe4 23. Bxe4 Qc5 24. Bd3 Rxh4 25. Kb1 b4 26. Rgf3 Kg8 27. Be4
Rh5 28. Re1 Rg5 29. Bd3 a5 30. Qe4 g6 31. Qf4 a4 32. Rh3 Kg7 33. g4 a3 34. Rhh1
f6 35. exf6+ Bxf6 36. Rxe6 Bxb2 37. Qh2 h5 38. gxh5 Be5 39. Rxe5 Qxe5 40. Qxe5+
Rxe5 41. hxg6 Rh8 42. Rf1 Rh2 43. Kc1 Re3 44. Kb1 Reh3 45. Rf7+ Kg8 46. Rf1 Rh1
47. Rc1 Rh4 48. Bf5 Kg7 49. Bd3 Kf6 50. g7 Kxg7 51. Bb5 Kf6 52. Bc6 Rxc1+ 53.
Kxc1 Rh2 54. Bd5 Ke5 0-1

[Event "6MCR_4D_1L_1S"]
[Site "?"]
[Date "2004.??.??"]
[Round "?"]
[White "Straka, Zdenek"]
[Black "Janous, Petr"]
[Result "1/2-1/2"]
[WhiteElo "2396"]
[BlackElo "2270"]
[PlyCount "79"]
[EventDate "2004.??.??"]
[EventType "corr"]
[SourceDate "2004.06.03"]

1. e4 c5 2. Nf3 d6 3. d4 cxd4 4. Nxd4 Nf6 5. Nc3 a6 6. Be2 e6 7. O-O Be7 8. a4
O-O 9. Be3 Nc6 10. f4 Qc7 11. Kh1 Re8 12. Bf3 Rb8 13. g4 Nxd4 14. Bxd4 e5 15.
fxe5 dxe5 16. Ba7 Ra8 17. g5 Rd8 18. Qe2 Ne8 19. Be3 Be6 20. Qf2 Rdc8 21. Bg4
Qc6 22. Rad1 Nc7 23. Bxe6 Qxe6 24. a5 Rd8 25. Rxd8+ Rxd8 26. Bb6 Rc8 27. Bxc7
Rxc7 28. Nd5 Rc4 29. Qe2 Ra4 30. b4 Bxg5 31. Qf3 Qg6 32. Rg1 Kf8 33. Qg4 Bd8
34. Qe2 Qe6 35. Qe3 Be7 36. Qb3 Rxb4 37. Nxb4 Qxb3 38. cxb3 Bxb4 39. Rc1 Bxa5
40. Rc8+ 1/2-1/2

[Event "6MCR_4D_1L_1S"]
[Site "?"]
[Date "2004.??.??"]
[Round "?"]
[White "Straka, Zdenek"]
[Black "Kolar, Pavel"]
[Result "0-1"]
[WhiteElo "2396"]
[BlackElo "2283"]
[PlyCount "40"]
[EventDate "2004.??.??"]
[EventType "corr"]
[SourceDate "2004.06.03"]

1. e4 e6 2. d4 d5 3. e5 c5 4. c3 Nc6 5. Nf3 Qb6 6. a3 Nh6 7. b4 cxd4 8. cxd4
Nf5 9. Be3 f6 10. Bd3 Nxe3 11. fxe3 fxe5 12. b5 Nxd4 13. exd4 e4 14. Bxe4 dxe4
15. Ne5 Bd7 16. Nc3 Qa5 17. Rc1 Bxa3 18. Nc4 Qb4 19. Nxa3 Rc8 20. Rc2 Rxc3 0-1

[Event "6MCR_4D_1L_1S"]
[Site "?"]
[Date "2004.??.??"]
[Round "?"]
[White "Straka, Zdenek"]
[Black "Vosahlik, Jiri"]
[Result "1/2-1/2"]
[WhiteElo "2395"]
[BlackElo "2330"]
[PlyCount "39"]
[EventDate "2004.??.??"]
[EventType "corr"]
[SourceDate "2004.06.03"]

1. Nf3 Nf6 2. c4 e6 3. Nc3 d5 4. d4 Be7 5. Bg5 h6 6. Bh4 O-O 7. e3 b6 8. Be2
Bb7 9. Bxf6 Bxf6 10. cxd5 exd5 11. O-O Re8 12. Qb3 c6 13. Rfe1 Nd7 14. Rad1 Nf8
15. Bf1 Ne6 16. g3 c5 17. Bh3 Rb8 18. Bxe6 Rxe6 19. dxc5 bxc5 20. Nxd5 1/2-1/2

[Event "6MCR_4D_1L_1S"]
[Site "?"]
[Date "2004.??.??"]
[Round "?"]
[White "Vosahlik, Jiri"]
[Black "Hostinsky, Jiri"]
[Result "1/2-1/2"]
[WhiteElo "2330"]
[BlackElo "2412"]
[PlyCount "99"]
[EventDate "2004.??.??"]
[EventType "corr"]
[SourceDate "2004.06.03"]

1. e4 c5 2. Nf3 Nc6 3. d4 cxd4 4. Nxd4 Nf6 5. Nc3 d6 6. Bg5 e6 7. Qd2 Be7 8.
O-O-O O-O 9. f4 Nxd4 10. Qxd4 Qa5 11. Bc4 Bd7 12. e5 dxe5 13. fxe5 Bc6 14. Bd2
Nd7 15. Nd5 Qd8 16. Nxe7+ Qxe7 17. Rhe1 Rfd8 18. Qg4 Nf8 19. Bd3 Rd5 20. Bb4
Qd8 21. h4 Ng6 22. Bxg6 hxg6 23. h5 gxh5 24. Qxh5 f5 25. Bd2 Qe8 26. Qg5 Rd4
27. Bf4 Rxd1+ 28. Rxd1 Be4 29. Rd2 Rc8 30. g4 fxg4 31. Qxg4 Bf5 32. Qd1 Qa4 33.
Be3 a6 34. Kb1 Qe4 35. Bd4 Qg4 36. Qxg4 Bxg4 37. Kc1 Rf8 38. Rg2 Rf1+ 39. Kd2
Rd1+ 40. Ke3 Bf5 41. Bb6 Re1+ 42. Kd4 Re4+ 43. Kc3 Kf7 44. Bd4 Rg4 45. Rxg4
Bxg4 46. Kc4 Kg6 47. Kc5 Kf5 48. Bf2 Bd1 49. c4 g5 50. Kd6 1/2-1/2

[Event "6MCR_4D_1L_1S"]
[Site "?"]
[Date "2004.??.??"]
[Round "?"]
[White "Vosahlik, Jiri"]
[Black "Jandek, Stefan"]
[Result "1/2-1/2"]
[WhiteElo "2330"]
[BlackElo "2377"]
[PlyCount "57"]
[EventDate "2004.??.??"]
[EventType "corr"]
[SourceDate "2004.06.03"]

1. e4 e5 2. Nf3 Nc6 3. d4 exd4 4. Nxd4 Nf6 5. Nxc6 bxc6 6. e5 Qe7 7. Qe2 Nd5 8.
c4 Nb6 9. Nd2 d5 10. exd6 cxd6 11. b3 Bg4 12. f3 Be6 13. Bb2 d5 14. cxd5 Nxd5
15. Rc1 Rd8 16. a3 Nf4 17. Qe5 Bd5 18. b4 Ne6 19. Nc4 Qh4+ 20. g3 Qh6 21. Bg2
Be7 22. Qe2 O-O 23. O-O c5 24. Ne3 cxb4 25. f4 Bc5 26. Bxd5 Bxe3+ 27. Qxe3 Rxd5
28. axb4 a5 29. bxa5 1/2-1/2

[Event "6MCR_4D_1L_1S"]
[Site "?"]
[Date "2004.??.??"]
[Round "?"]
[White "Vosahlik, Jiri"]
[Black "Janous, Petr"]
[Result "1/2-1/2"]
[WhiteElo "2330"]
[BlackElo "2270"]
[PlyCount "85"]
[EventDate "2004.??.??"]
[EventType "corr"]
[SourceDate "2004.06.03"]

1. e4 c5 2. Nf3 d6 3. d4 cxd4 4. Nxd4 Nf6 5. Nc3 a6 6. Be3 e6 7. Be2 Qc7 8. a4
b6 9. f4 Bb7 10. Bf3 Nbd7 11. f5 e5 12. Nb3 Rc8 13. O-O Be7 14. Qe1 O-O 15. Qg3
Rfd8 16. Nd2 Kh8 17. Kh1 Nc5 18. Rfe1 d5 19. exd5 Nxd5 20. Bxc5 Bxc5 21. Nxd5
Bxd5 22. Qxe5 Bxf3 23. Nxf3 Bd6 24. Qe2 Qxc2 25. Qxa6 Qxb2 26. Rab1 Qc2 27.
Rxb6 Bc5 28. Rc6 Qxf5 29. Rxc8 Rxc8 30. Qb7 Rd8 31. a5 h6 32. a6 Rd7 33. Qb5
Qd5 34. h4 Qd6 35. Re8+ Kh7 36. Qa4 g6 37. h5 Qd3 38. Qa1 Qd1+ 39. Qxd1 Rxd1+
40. Re1 Rd5 41. hxg6+ Kxg6 42. g3 Kf6 43. Kg2 1/2-1/2

[Event "6MCR_4D_1L_1S"]
[Site "?"]
[Date "2004.??.??"]
[Round "?"]
[White "Vosahlik, Jiri"]
[Black "Kolar, Pavel"]
[Result "1/2-1/2"]
[WhiteElo "2330"]
[BlackElo "2283"]
[PlyCount "81"]
[EventDate "2004.??.??"]
[EventType "corr"]
[SourceDate "2004.06.03"]

1. e4 e6 2. d4 d5 3. Nd2 Nf6 4. e5 Nfd7 5. c3 c5 6. Bd3 Nc6 7. Ne2 cxd4 8. cxd4
f6 9. exf6 Nxf6 10. O-O Bd6 11. Nf3 O-O 12. Bf4 Bxf4 13. Nxf4 Ng4 14. Qd2 Qf6
15. Nh5 Qh6 16. Qxh6 Nxh6 17. Rac1 g6 18. Ng3 Rxf3 19. gxf3 Nxd4 20. Kg2 Bd7
21. Rc7 Bc6 22. Ne2 Nxe2 23. Bxe2 Nf5 24. a4 a6 25. f4 Nd4 26. Bg4 Rf8 27. Kg3
Rf7 28. Rc8+ Kg7 29. Rd1 Nf5+ 30. Bxf5 exf5 31. a5 Re7 32. h4 Kf6 33. f3 Re3
34. h5 gxh5 35. b4 d4 36. Rxd4 Rxf3+ 37. Kh4 Be4 38. Rd6+ Ke7 39. Rh6 Rxf4+ 40.
Kxh5 Bc6 41. Rc7+ 1/2-1/2

[Event "6MCR_4D_1L_1S"]
[Site "?"]
[Date "2004.??.??"]
[Round "?"]
[White "Vosahlik, Jiri"]
[Black "Mezera, Lukas"]
[Result "1/2-1/2"]
[WhiteElo "2330"]
[BlackElo "2258"]
[PlyCount "47"]
[EventDate "2004.??.??"]
[EventType "corr"]
[SourceDate "2004.06.03"]

1. e4 c5 2. Nf3 d6 3. d4 cxd4 4. Nxd4 Nf6 5. Nc3 g6 6. Be3 Bg7 7. f3 O-O 8. Qd2
Nc6 9. Bc4 Bd7 10. h4 Rc8 11. Bb3 h5 12. O-O-O Ne5 13. Bh6 Nc4 14. Bxc4 Rxc4
15. Bxg7 Kxg7 16. g4 hxg4 17. h5 Rh8 18. hxg6 fxg6 19. f4 e5 20. Nde2 Rxh1 21.
Rxh1 Nxe4 22. Nxe4 Rxe4 23. fxe5 Rxe2 24. Qh6+ 1/2-1/2

[Event "6MCR_4D_1L_2S"]
[Site "?"]
[Date "2004.??.??"]
[Round "?"]
[White "Canibal, Jaromir"]
[Black "Dedina, Miroslav"]
[Result "1/2-1/2"]
[WhiteElo "2294"]
[BlackElo "2297"]
[PlyCount "103"]
[EventDate "2004.??.??"]
[EventType "corr"]
[SourceDate "2004.06.03"]

1. e4 e5 2. Nf3 Nc6 3. Bb5 a6 4. Ba4 Nf6 5. O-O Be7 6. Re1 b5 7. Bb3 O-O 8. c3
d5 9. exd5 Nxd5 10. Nxe5 Nxe5 11. Rxe5 c6 12. d4 Bd6 13. Re1 Qh4 14. g3 Qh3 15.
Be3 Bg4 16. Qd3 Rae8 17. Nd2 Qh5 18. a4 Bf5 19. Qf1 Bh3 20. Qe2 Bg4 21. Qd3 Bf5
22. Qf1 Bh3 23. Bd1 Qf5 24. Qe2 c5 25. Nf3 c4 26. axb5 axb5 27. Nh4 Qe6 28. Qh5
g6 29. Qh6 Bg4 30. Bxg4 Qxg4 31. Ng2 Qd7 32. Bf4 Be7 33. Ne3 Nxe3 34. fxe3 Ra8
35. e4 Qg4 36. Rxa8 Rxa8 37. Bc1 Ra1 38. Qf4 Qxf4 39. gxf4 b4 40. cxb4 Bxb4 41.
Rf1 Kf8 42. Be3 Ra2 43. Rb1 Ke7 44. d5 Kd7 45. h3 Ra5 46. Rc1 f5 47. Rxc4 Be7
48. b4 Ra1+ 49. Kg2 fxe4 50. b5 Rb1 51. b6 Bd8 52. Rc6 1/2-1/2

[Event "6MCR_4D_1L_2S"]
[Site "?"]
[Date "2004.??.??"]
[Round "?"]
[White "Canibal, Jaromir"]
[Black "Krouzel, Jaroslav"]
[Result "0-1"]
[WhiteElo "2294"]
[BlackElo "2334"]
[PlyCount "104"]
[EventDate "2004.??.??"]
[EventType "corr"]
[SourceDate "2004.06.03"]

1. e4 e6 2. d4 d5 3. Nd2 Nc6 4. Ngf3 Nf6 5. e5 Nd7 6. c4 dxc4 7. Nxc4 Nb6 8.
Nxb6 axb6 9. a3 Bd7 10. Be3 Ne7 11. Bd3 Bc6 12. O-O Nf5 13. Rc1 Be7 14. Qc2 g6
15. Be4 Bxe4 16. Qxe4 c6 17. Rfd1 Qd5 18. Qxd5 exd5 19. Bg5 Bxg5 20. Nxg5 Ra4
21. Nf3 Ke7 22. Kf1 Rha8 23. g4 Ng7 24. h4 h5 25. g5 Nf5 26. Rc3 Ke6 27. Rdd3
Rc4 28. b4 Ra4 29. Ke2 b5 30. Kd2 b6 31. Rb3 Ng7 32. Kd1 Ke7 33. Rbc3 Ne6 34.
Rb3 Nf4 35. Rdc3 Kd7 36. Re3 Ra7 37. Rb1 Ke6 38. Rb2 Rc7 39. Kd2 c5 40. dxc5
bxc5 41. Reb3 Re4 42. bxc5 Rxc5 43. Rxb5 Re2+ 44. Kd1 Rxb5 45. Rxb5 Rxf2 46.
Rb6+ Kf5 47. Ne1 Ne6 48. Rb7 Kg4 49. Nd3 Rf3 50. Ne1 Rf4 51. a4 Nc5 52. Rb4
Rxb4 0-1

[Event "6MCR_4D_1L_2S"]
[Site "?"]
[Date "2004.??.??"]
[Round "?"]
[White "Canibal, Jaromir"]
[Black "Matousek, Jan"]
[Result "1/2-1/2"]
[WhiteElo "2294"]
[BlackElo "2280"]
[PlyCount "31"]
[EventDate "2004.??.??"]
[EventType "corr"]
[SourceDate "2004.06.03"]

1. e4 c5 2. c3 d5 3. exd5 Qxd5 4. d4 Nf6 5. Nf3 Bg4 6. Be2 e6 7. Na3 Nc6 8. Be3
cxd4 9. Nb5 Qd7 10. Nbxd4 Bc5 11. Nxc6 Qxc6 12. Ne5 Bxe2 13. Qxe2 Qb6 14. Bxc5
Qxc5 15. Rd1 O-O 16. O-O 1/2-1/2

[Event "6MCR_4D_1L_2S"]
[Site "?"]
[Date "2004.??.??"]
[Round "?"]
[White "Canibal, Jaromir"]
[Black "Splichal, Stanislav"]
[Result "0-1"]
[WhiteElo "2294"]
[BlackElo "2225"]
[PlyCount "68"]
[EventDate "2004.??.??"]
[EventType "corr"]
[SourceDate "2004.06.03"]

1. e4 c6 2. d4 d5 3. exd5 cxd5 4. c4 Nf6 5. Nc3 Nc6 6. Nf3 Bg4 7. cxd5 Nxd5 8.
Qb3 Bxf3 9. gxf3 e6 10. Qxb7 Nxd4 11. Bb5+ Nxb5 12. Qc6+ Ke7 13. Qxb5 Qd7 14.
Nxd5+ Qxd5 15. Qb4+ Kf6 16. Qf4+ Qf5 17. Qh4+ g5 18. Qe4 Rc8 19. Bd2 Bd6 20.
Rd1 Be5 21. Qxf5+ Kxf5 22. h4 h5 23. Bxg5 Rc2 24. Rd2 Rxb2 25. Rxb2 Bxb2 26.
Ke2 Rb8 27. Rb1 Be5 28. Rxb8 Bxb8 29. Be3 a6 30. Bg5 Be5 31. Kd3 Bc7 32. Ke2
Bb6 33. a4 Bd4 34. a5 Ke5 0-1

[Event "6MCR_4D_1L_2S"]
[Site "?"]
[Date "2004.??.??"]
[Round "?"]
[White "Canibal, Jaromir"]
[Black "Trexlerova, Nadezda"]
[Result "1/2-1/2"]
[WhiteElo "2294"]
[BlackElo "1800"]
[PlyCount "57"]
[EventDate "2004.??.??"]
[EventType "corr"]
[SourceDate "2004.06.03"]

1. e4 c5 2. c3 d5 3. exd5 Qxd5 4. d4 Nc6 5. Nf3 Nf6 6. Be3 cxd4 7. cxd4 e6 8.
Nc3 Qa5 9. a3 Bd6 10. b4 Qd8 11. Bd3 Bd7 12. O-O O-O 13. Qe2 Ne7 14. Ne5 Rc8
15. Rac1 Ned5 16. Nxd5 Nxd5 17. Bd2 Qh4 18. g3 Qe7 19. Qe4 f5 20. Qe2 Rxc1 21.
Rxc1 Rc8 22. Re1 Bxe5 23. Qxe5 Qf6 24. Qd6 Rd8 25. Bb1 Bc8 26. Qe5 Qxe5 27.
Rxe5 Kf7 28. Ba2 b5 29. Bxd5 1/2-1/2

[Event "6MCR_4D_1L_2S"]
[Site "?"]
[Date "2004.??.??"]
[Round "?"]
[White "Canibal, Jaromir"]
[Black "Zidu, Jan"]
[Result "0-1"]
[WhiteElo "2294"]
[BlackElo "2359"]
[PlyCount "104"]
[EventDate "2004.??.??"]
[EventType "corr"]
[SourceDate "2004.06.03"]

1. e4 e6 2. d4 d5 3. Nd2 c5 4. exd5 Qxd5 5. Ngf3 cxd4 6. Bc4 Qd6 7. O-O Nf6 8.
Nb3 Nc6 9. Nbxd4 Nxd4 10. Nxd4 a6 11. Re1 Qc7 12. Bb3 Bd6 13. h3 O-O 14. Bg5
Bh2+ 15. Kh1 Bf4 16. Bxf6 gxf6 17. Qh5 Kh8 18. c3 Rg8 19. Bc2 f5 20. g3 b5 21.
Bd1 Bd2 22. Rg1 Rg6 23. Qe2 Bb7+ 24. Kh2 Bg5 25. a4 b4 26. cxb4 Rd8 27. Nf3 Bf6
28. Bb3 Qb6 29. Rad1 Rxd1 30. Bxd1 Qxb4 31. Ne5 Rg7 32. Nd3 Qd4 33. Bc2 a5 34.
Qd2 Be4 35. b4 Bxd3 36. Qxd3 Qxf2+ 37. Rg2 Qe1 38. b5 Be5 39. Qf3 Rg5 40. Bd1
h5 41. h4 Rg6 42. Rg1 Qd2+ 43. Rg2 Qd4 44. Kh3 Qg4+ 45. Qxg4 hxg4+ 46. Kh2 f4
47. gxf4 Bxf4+ 48. Kg1 f5 49. Rc2 e5 50. Rc8+ Rg8 51. Rxg8+ Kxg8 52. Kg2 Be3
0-1

[Event "6MCR_4D_1L_2S"]
[Site "?"]
[Date "2004.??.??"]
[Round "?"]
[White "Dedina, Miroslav"]
[Black "Gresek, Jaromir"]
[Result "1/2-1/2"]
[WhiteElo "2297"]
[BlackElo "2180"]
[PlyCount "98"]
[EventDate "2004.??.??"]
[EventType "corr"]
[SourceDate "2004.06.03"]

1. e4 c5 2. Nf3 d6 3. d4 cxd4 4. Nxd4 Nf6 5. Nc3 a6 6. Be2 e5 7. Nb3 Be7 8. O-O
O-O 9. Be3 Be6 10. Nd5 Nbd7 11. Qd3 Bxd5 12. exd5 Nc5 13. Qd2 Nfe4 14. Qb4 a5
15. Qb5 a4 16. Nxc5 dxc5 17. Qxb7 Rb8 18. Qa6 Rxb2 19. Bf3 Nf6 20. c4 e4 21.
Bd1 Bd6 22. Qxa4 Nd7 23. Bc1 Rb7 24. a3 Ne5 25. g3 Qf6 26. Ra2 Rfb8 27. Bf4 Rb1
28. Bxe5 Qxe5 29. Re2 f5 30. Qd7 g6 31. Kg2 f4 32. Kg1 f3 33. Re3 Rc1 34. Bxf3
Rxf1+ 35. Kxf1 Rb1+ 36. Kg2 exf3+ 37. Rxf3 Qe7 38. Qc8+ Kg7 39. a4 Ra1 40. Re3
Qf7 41. Re2 Ra3 42. f4 Qf5 43. Qd8 Bf8 44. Qe8 Rc3 45. Qe5+ Qxe5 46. fxe5 Rxc4
47. e6 Kf6 48. Rf2+ Ke7 49. Rf7+ Ke8 1/2-1/2

[Event "6MCR_4D_1L_2S"]
[Site "?"]
[Date "2004.??.??"]
[Round "?"]
[White "Dedina, Miroslav"]
[Black "Jirk, Ales"]
[Result "1/2-1/2"]
[WhiteElo "2297"]
[BlackElo "2248"]
[PlyCount "61"]
[EventDate "2004.??.??"]
[EventType "corr"]
[SourceDate "2004.06.03"]

1. e4 e5 2. Nf3 Nc6 3. Bc4 Nf6 4. Ng5 d5 5. exd5 Na5 6. Bb5+ c6 7. dxc6 bxc6 8.
Bd3 Nd5 9. Nf3 Bd6 10. O-O Nf4 11. Re1 Nxd3 12. cxd3 O-O 13. Nxe5 c5 14. Nc3
Bb7 15. b3 Qf6 16. Nf3 Bxf3 17. Qxf3 Qxf3 18. gxf3 Nc6 19. Ba3 Nd4 20. Re3 Nc2
21. Nb5 Bxh2+ 22. Kxh2 Nxa1 23. Bxc5 Nc2 24. Bxf8 Nxe3 25. fxe3 Kxf8 26. Kg3
Rb8 27. Nc3 Rb6 28. d4 Rg6+ 29. Kh2 Rh6+ 30. Kg2 Rg6+ 31. Kh2 1/2-1/2

[Event "6MCR_4D_1L_2S"]
[Site "?"]
[Date "2004.??.??"]
[Round "?"]
[White "Dedina, Miroslav"]
[Black "Matousek, Jan"]
[Result "1/2-1/2"]
[WhiteElo "2297"]
[BlackElo "2280"]
[PlyCount "71"]
[EventDate "2004.??.??"]
[EventType "corr"]
[SourceDate "2004.06.03"]

1. e4 c5 2. Nf3 d6 3. d4 cxd4 4. Nxd4 Nf6 5. Nc3 a6 6. Be2 e5 7. Nb3 Be7 8. O-O
O-O 9. Be3 Be6 10. Qd2 Nbd7 11. f4 Rc8 12. f5 Bc4 13. Bxc4 Rxc4 14. Qd3 Qc7 15.
Nd2 Rc6 16. a4 Rc8 17. a5 Ng4 18. Nd5 Qd8 19. c3 Nxe3 20. Qxe3 Bg5 21. Qe2 Nf6
22. Rfd1 Bxd2 23. Rxd2 Nxd5 24. Rxd5 Rc5 25. Qd3 R8c6 26. Rxc5 Rxc5 27. b4 Rc6
28. Rf1 Qc7 29. Rf3 f6 30. h4 Kf8 31. Rg3 Rc4 32. h5 h6 33. Kh2 Qc6 34. Re3 Ke7
35. Kg1 Ke8 36. Kf2 1/2-1/2

[Event "6MCR_4D_1L_2S"]
[Site "?"]
[Date "2004.??.??"]
[Round "?"]
[White "Dedina, Miroslav"]
[Black "Soucha, Stepan"]
[Result "0-1"]
[WhiteElo "2297"]
[BlackElo "2335"]
[PlyCount "56"]
[EventDate "2004.??.??"]
[EventType "corr"]
[SourceDate "2004.06.03"]

1. e4 e5 2. Nf3 Nc6 3. Bc4 Bc5 4. c3 Nf6 5. d3 a6 6. O-O Ba7 7. Bg5 h6 8. Be3
Bxe3 9. fxe3 d6 10. a4 O-O 11. Nbd2 Be6 12. Bxe6 fxe6 13. b4 Qe8 14. Qb3 Nd8
15. c4 b6 16. d4 Nc6 17. b5 Na5 18. Qc3 axb5 19. axb5 exd4 20. exd4 Qg6 21. c5
Nh5 22. Kh1 Nf4 23. g3 Nh3 24. cxb6 cxb6 25. Qc7 Ng5 26. Qxd6 Nxf3 27. Nxf3 Qg4
28. Nd2 Qe2 0-1

[Event "6MCR_4D_1L_2S"]
[Site "?"]
[Date "2004.??.??"]
[Round "?"]
[White "Dedina, Miroslav"]
[Black "Sykora, Josef"]
[Result "1/2-1/2"]
[WhiteElo "2297"]
[BlackElo "2368"]
[PlyCount "64"]
[EventDate "2004.??.??"]
[EventType "corr"]
[SourceDate "2004.06.03"]

1. e4 c6 2. d4 d5 3. exd5 cxd5 4. c4 Nf6 5. Nc3 e6 6. Nf3 Bb4 7. a3 Bxc3+ 8.
bxc3 O-O 9. Bf4 Nc6 10. Qc2 Qa5 11. Be2 dxc4 12. O-O b5 13. a4 b4 14. Ne5 Bb7
15. Nxc4 Qd5 16. Ne3 Qd7 17. Rfd1 Rac8 18. a5 Rfd8 19. cxb4 Nxb4 20. Qd2 Nbd5
21. Nxd5 Nxd5 22. Rac1 Nxf4 23. Qxf4 h6 24. f3 Bd5 25. Rxc8 Rxc8 26. Rc1 g5 27.
Qe3 Qd8 28. Rc3 Kg7 29. Kf2 Rxc3 30. Qxc3 Qb8 31. g3 Kf6 32. Bd3 h5 1/2-1/2

[Event "6MCR_4D_1L_2S"]
[Site "?"]
[Date "2004.??.??"]
[Round "?"]
[White "Gresek, Jaromir"]
[Black "Canibal, Jaromir"]
[Result "1/2-1/2"]
[WhiteElo "2180"]
[BlackElo "2294"]
[PlyCount "81"]
[EventDate "2004.??.??"]
[EventType "corr"]
[SourceDate "2004.06.03"]

1. e4 e5 2. Nf3 Nc6 3. Bb5 a6 4. Ba4 Nf6 5. O-O Be7 6. Re1 b5 7. Bb3 O-O 8. c3
d6 9. h3 Nb8 10. d4 Nbd7 11. Nbd2 Bb7 12. Bc2 Re8 13. Nf1 Bf8 14. Ng3 g6 15. a4
c5 16. d5 c4 17. Bg5 h6 18. Be3 Nc5 19. Qd2 h5 20. Bg5 Be7 21. Bh6 Nfd7 22. Qe3
Qb6 23. axb5 axb5 24. Nxh5 gxh5 25. Nd4 Nf8 26. Nf5 Rxa1 27. Rxa1 Ng6 28. Nxe7+
Rxe7 29. Qg5 Nd7 30. Qf5 h4 31. Bd1 Qd8 32. Bh5 Qe8 33. Ra5 Kh7 34. Bg5 Nc5 35.
Bxe7 Qxe7 36. Rxb5 Ba6 37. Rb4 Kg7 38. Be2 Qa7 39. Bh5 Qc7 40. Bxg6 fxg6 41.
Qg4 1/2-1/2

[Event "6MCR_4D_1L_2S"]
[Site "?"]
[Date "2004.??.??"]
[Round "?"]
[White "Gresek, Jaromir"]
[Black "Jirk, Ales"]
[Result "1/2-1/2"]
[WhiteElo "2180"]
[BlackElo "2248"]
[PlyCount "63"]
[EventDate "2004.??.??"]
[EventType "corr"]
[SourceDate "2004.06.03"]

1. e4 e6 2. d4 d5 3. Nc3 Nf6 4. Bg5 dxe4 5. Nxe4 Be7 6. Bxf6 Bxf6 7. Nf3 Nd7 8.
Qd2 O-O 9. O-O-O Be7 10. Bd3 b6 11. h4 Bb7 12. c3 c5 13. Neg5 h6 14. Bh7+ Kh8
15. Bc2 Bxf3 16. Nxf3 Nf6 17. Rhg1 cxd4 18. Nxd4 h5 19. f3 Bc5 20. g4 e5 21.
gxh5 Rg8 22. b4 exd4 23. bxc5 bxc5 24. cxd4 c4 25. h6 g6 26. Kb1 Rb8+ 27. Ka1
Qd6 28. Be4 Rgc8 29. Qc3 Rb3 30. axb3 Qa3+ 31. Kb1 Rb8 32. Qa1 1/2-1/2

[Event "6MCR_4D_1L_2S"]
[Site "?"]
[Date "2004.??.??"]
[Round "?"]
[White "Gresek, Jaromir"]
[Black "Krouzel, Jaroslav"]
[Result "1-0"]
[WhiteElo "2180"]
[BlackElo "2334"]
[PlyCount "69"]
[EventDate "2004.??.??"]
[EventType "corr"]
[SourceDate "2004.06.03"]

1. e4 e6 2. d4 d5 3. Nd2 Nc6 4. Ngf3 Nf6 5. e5 Nd7 6. Nb3 Be7 7. Bb5 a5 8. a4
Na7 9. Bd3 b6 10. O-O c5 11. c4 Bb7 12. Qe2 O-O 13. Rd1 Qc7 14. Bf4 Nc6 15.
cxd5 exd5 16. Bf5 c4 17. Nbd2 Nd8 18. Ng5 Bxg5 19. Bxg5 g6 20. Bxd7 Qxd7 21.
Bf6 Ne6 22. Qe3 Rfc8 23. Ra3 Qe8 24. Nf1 Qf8 25. Qd2 c3 26. Rxc3 Qb4 27. f4 Rc4
28. Rxc4 dxc4 29. d5 Nc5 30. Ne3 Qxa4 31. Qd4 c3 32. Qxc3 Ne4 33. Qc4 Qxc4 34.
Nxc4 Nxf6 35. exf6 1-0

[Event "6MCR_4D_1L_2S"]
[Site "?"]
[Date "2004.??.??"]
[Round "?"]
[White "Gresek, Jaromir"]
[Black "Svoboda, Frantisek"]
[Result "1/2-1/2"]
[WhiteElo "2180"]
[BlackElo "2391"]
[PlyCount "53"]
[EventDate "2004.??.??"]
[EventType "corr"]
[SourceDate "2004.06.03"]

1. e4 e6 2. d4 d5 3. Nd2 Nf6 4. e5 Nfd7 5. Bd3 c5 6. c3 Nc6 7. Ne2 cxd4 8. cxd4
f6 9. exf6 Nxf6 10. Nf3 Bd6 11. O-O O-O 12. Bg5 Bd7 13. Nc3 Qe8 14. Bh4 Qh5 15.
Ne2 Qh6 16. Qc1 Qxc1 17. Raxc1 Rae8 18. Bg3 Bxg3 19. Nxg3 e5 20. dxe5 Nxe5 21.
Nxe5 Rxe5 22. Rc7 Bc6 23. Nf5 Rf7 24. Rc8+ Rf8 25. Rc7 Rf7 26. Rc8+ Rf8 27. Rc7
1/2-1/2

[Event "6MCR_4D_1L_2S"]
[Site "?"]
[Date "2004.??.??"]
[Round "?"]
[White "Gresek, Jaromir"]
[Black "Sykora, Josef"]
[Result "1/2-1/2"]
[WhiteElo "2189"]
[BlackElo "2368"]
[PlyCount "67"]
[EventDate "2004.??.??"]
[EventType "corr"]
[SourceDate "2004.06.03"]

1. e4 e6 2. d4 d5 3. Nd2 dxe4 4. Nxe4 Bd7 5. Nf3 Bc6 6. Bd3 Nd7 7. O-O Ngf6 8.
Ng3 Be7 9. c4 Bxf3 10. Qxf3 c6 11. b3 O-O 12. Bb2 Re8 13. Rfe1 Bf8 14. Rad1 Qa5
15. Bb1 Rad8 16. a4 Bd6 17. Ne4 Nxe4 18. Rxe4 Be7 19. Qh3 Nf6 20. Re3 Qh5 21.
Qxh5 Nxh5 22. g3 Rd7 23. Kg2 Red8 24. f4 g6 25. Kf3 Ng7 26. g4 h5 27. h3 Bc5
28. Red3 Bb4 29. d5 exd5 30. Bf6 Be7 31. Bxe7 Rxe7 32. cxd5 cxd5 33. Rxd5 Rde8
34. R5d3 1/2-1/2

[Event "6MCR_4D_1L_2S"]
[Site "?"]
[Date "2004.??.??"]
[Round "?"]
[White "Jirk, Ales"]
[Black "Canibal, Jaromir"]
[Result "1/2-1/2"]
[WhiteElo "2248"]
[BlackElo "2294"]
[PlyCount "71"]
[EventDate "2004.??.??"]
[EventType "corr"]
[SourceDate "2004.06.03"]

1. d4 Nf6 2. c4 g6 3. Nc3 Bg7 4. e4 d6 5. Be2 O-O 6. Nf3 e5 7. O-O Nc6 8. d5
Ne7 9. b4 Nh5 10. Re1 c6 11. dxc6 bxc6 12. b5 Bb7 13. a4 Nf4 14. Rb1 h6 15.
Bxf4 exf4 16. Qd2 Re8 17. Rb3 g5 18. h3 Qa5 19. bxc6 Bxc6 20. Nb5 Qxd2 21. Nxd2
Red8 22. a5 Be5 23. Bg4 Kg7 24. Nf3 Rab8 25. Rd3 Bxb5 26. Nxe5 Bc6 27. Nf3 Bb7
28. e5 d5 29. c5 Ba6 30. Rd2 Rb5 31. Rc1 Bc8 32. Bh5 Nc6 33. Nd4 Nxd4 34. Rxd4
Rxa5 35. c6 Re8 36. Rb4 1/2-1/2

[Event "6MCR_4D_1L_2S"]
[Site "?"]
[Date "2004.??.??"]
[Round "?"]
[White "Jirk, Ales"]
[Black "Krouzel, Jaroslav"]
[Result "1/2-1/2"]
[WhiteElo "2248"]
[BlackElo "2334"]
[PlyCount "45"]
[EventDate "2004.??.??"]
[EventType "corr"]
[SourceDate "2004.06.03"]

1. e4 e6 2. d4 d5 3. Nd2 Nc6 4. Ngf3 Nf6 5. e5 Nd7 6. Nb3 Be7 7. Bb5 a5 8. a4
Na7 9. Bd3 b6 10. O-O c5 11. c4 Bb7 12. Qe2 O-O 13. Rd1 Qc7 14. Bf4 Rad8 15.
Rac1 dxc4 16. Bxc4 Qc6 17. dxc5 Nxc5 18. Nxc5 Bxc5 19. Bb3 Rxd1+ 20. Bxd1 Nc8
21. Be3 Rd8 22. Bxc5 bxc5 23. Qe3 1/2-1/2

[Event "6MCR_4D_1L_2S"]
[Site "?"]
[Date "2004.??.??"]
[Round "?"]
[White "Jirk, Ales"]
[Black "Svoboda, Frantisek"]
[Result "1/2-1/2"]
[WhiteElo "2248"]
[BlackElo "2391"]
[PlyCount "103"]
[EventDate "2004.??.??"]
[EventType "corr"]
[SourceDate "2004.06.03"]

1. e4 e6 2. d4 d5 3. Nd2 Nf6 4. e5 Nfd7 5. f4 c5 6. c3 Nc6 7. Ndf3 cxd4 8. cxd4
Qb6 9. Ne2 f6 10. Nc3 Be7 11. Bd3 O-O 12. Na4 Qd8 13. O-O Nb6 14. Nc3 Bd7 15.
exf6 Bxf6 16. b3 Rc8 17. Ne2 Be8 18. Ba3 Be7 19. Bxe7 Qxe7 20. Qd2 Nd7 21. Ng3
Qf6 22. Rae1 Qxf4 23. Bxh7+ Kh8 24. Qxf4 Rxf4 25. Bb1 Rf6 26. Re3 g5 27. h3 Bg6
28. Bxg6 Rxg6 29. Nh1 Nd8 30. Nf2 Rc2 31. a4 Kg7 32. Rfe1 Kf6 33. Nd3 a5 34. b4
g4 35. Nfe5 Nxe5 36. Nxe5 Rg7 37. Nxg4+ Ke7 38. bxa5 Rc4 39. Rb1 Rxd4 40. Rc3
Rf7 41. a6 bxa6 42. Rc7+ Kd6 43. Rxf7 Nxf7 44. Rb6+ Kc5 45. Rxa6 Rc4 46. Kh2
Rf4 47. Kg3 Rb4 48. Rxe6 Rxa4 49. h4 d4 50. Rf6 Ra3+ 51. Kf4 Nd6 52. Nf2
1/2-1/2